[Event "Mittelfranken-ch QT"]
[Site "Nuremberg"]
[Date "2019.04.17"]
[Round "2.7"]
[White "Schanz, Karlheinz"]
[Black "Walter, Manfred"]
[Result "1-0"]
[WhiteElo "1877"]
[BlackElo "1784"]
[PlyCount "117"]
[EventDate "2019.04.17"]
[EventType "swiss"]
[EventRounds "7"]
[EventCountry "GER"]
[SourceTitle "EXT 2022"]
[Source "ChessBase"]
[SourceDate "2021.10.06"]
[SourceVersion "1"]
[SourceVersionDate "2021.10.06"]
[SourceQuality "1"]

1. d4 d6 2. c4 e5 3. d5 Nf6 4. Nc3 Nbd7 5. e4 Be7 6. Qc2 c6 7. Nf3 0-0 8. h3 a5 9. Be3 cxd5 10. exd5 Nc5 11. Nd2 Nfd7 12. g4 Bg5 13. 0-0-0 Bxe3 14. fxe3 Qg5 15. Re1 f5 16. gxf5 Qxf5 17. Qxf5 Rxf5 18. Nde4 Ra6 19. Be2 Nxe4 20. Nxe4 Nc5 21. Nxc5 dxc5 22. Bg4 Rf8 23. Bxc8 Rxc8 24. Ref1 Rb6 25. Rf5 Re8 26. Rg1 Rb4 27. Rg4 e4 28. b3 a4 29. Kc2 axb3+ 30. axb3 b5 31. cxb5 Rxb5 32. d6 Rb6 33. Rd5 Rd8 34. d7 Rb7 35. Rxe4 Rbxd7 36. Rxd7 Rxd7 37. Re5 Rc7 38. Kc3 Kf7 39. Kc4 Rc6 40. h4 Rh6 41. h5 g6 42. hxg6+ Rxg6 43. Kxc5 Rg1 44. b4 Kf6 45. Rh5 Kg6 46. Rd5 h5 47. b5 h4 48. Rd2 h3 49. Rh2 Rg3 50. e4 Kf6 51. b6 Rb3 52. Kc6 Rc3+ 53. Kd7 Rb3 54. Kc7 Rc3+ 55. Kb8 Ke5 56. b7 Kxe4 57. Rb2 Rg3 58. Ka7 Rg7 59. Rh2 1-0

[Event "Mittelfranken-chTB1 1718"]
[Site "Mittelfranken"]
[Date "2018.02.18"]
[Round "5.8"]
[White "Walter, Manfred"]
[Black "Wirth, Karl Heinz"]
[Result "0-1"]
[WhiteElo "1645"]
[BlackElo "1857"]
[PlyCount "70"]
[EventDate "2017.10.08"]
[EventType "team-tourn"]
[EventRounds "9"]
[EventCountry "GER"]
[SourceTitle "EXT 2022"]
[Source "ChessBase"]
[SourceDate "2021.10.06"]
[SourceVersion "1"]
[SourceVersionDate "2021.10.06"]
[SourceQuality "1"]
[WhiteTeam "Lauf SV"]
[BlackTeam "Muehlhof/Schwabach"]
[WhiteTeamCountry "GER"]
[BlackTeamCountry "GER"]

1. e4 e5 2. Nf3 f5 3. Bc4 fxe4 4. Nxe5 d5 5. Qh5+ g6 6. Nxg6 hxg6 7. Qxh8 Kf7 8. Qd4 Be6 9. Bb3 Nc6 10. Qe3 Bh6 11. f4 exf3 12. Qxf3+ Nf6 13. 0-0 Nd4 14. Qf2 Nf5 15. Nc3 c6 16. d3 Bxc1 17. Raxc1 Qc7 18. Qf4 Qb6+ 19. Kh1 Rh8 20. Rce1 c5 21. Nd1 Rh4 22. Qf3 c4 23. g3 Rh3 24. dxc4 dxc4 25. Rxe6 Qxe6 26. Qxb7+ Ne7 27. Ba4 Rh5 28. Qf3 Rf5 29. Qg2 Re5 30. c3 Re2 31. Qf3 Nf5 32. Bc6 Kg7 33. Ba4 Nh6 34. h3 Qxh3+ 35. Kg1 Qh2# 0-1

[Event "Mittelfranken-chTB1 1718"]
[Site "Mittelfranken"]
[Date "2017.10.29"]
[Round "2.8"]
[White "Zolanvar, Ferry"]
[Black "Walter, Manfred"]
[Result "1/2-1/2"]
[WhiteElo "1747"]
[BlackElo "1645"]
[PlyCount "33"]
[EventDate "2017.10.08"]
[EventType "team-tourn"]
[EventRounds "9"]
[EventCountry "GER"]
[SourceTitle "EXT 2022"]
[Source "ChessBase"]
[SourceDate "2021.10.06"]
[SourceVersion "1"]
[SourceVersionDate "2021.10.06"]
[SourceQuality "1"]
[WhiteTeam "Erlangen SC III"]
[BlackTeam "Lauf SV"]
[WhiteTeamCountry "GER"]
[BlackTeamCountry "GER"]

1. e4 d6 2. d4 Nf6 3. Nc3 Nbd7 4. Be3 e5 5. f3 Be7 6. Qd2 c6 7. Nge2 b5 8. d5 Bb7 9. dxc6 Bxc6 10. Nd5 Nxd5 11. exd5 Bb7 12. Nc3 a6 13. a3 h6 14. Bd3 Nf6 15. Bf5 Bc8 16. Bd3 Bb7 17. Bf5 1/2-1/2

[Event "Mittelfranken-ch QT 66th"]
[Site "Uttenreuth"]
[Date "2017.04.15"]
[Round "7"]
[White "Walter, Manfred"]
[Black "Weissmann, Peter"]
[Result "1-0"]
[WhiteElo "1800"]
[BlackElo "1737"]
[PlyCount "80"]
[EventDate "2017.04.12"]
[EventType "swiss"]
[EventRounds "7"]
[EventCountry "GER"]
[SourceTitle "EXT 2020"]
[Source "ChessBase"]
[SourceDate "2019.10.17"]
[SourceVersion "1"]
[SourceVersionDate "2019.10.17"]
[SourceQuality "1"]

1. f4 d5 2. Nf3 Nf6 3. g3 c5 4. Bg2 g6 5. 0-0 Bg7 6. d3 0-0 7. c3 Nc6 8. Na3 a6 9. Qc2 Bf5 10. Nh4 Qd7 11. Nxf5 Qxf5 12. e4 dxe4 13. dxe4 Qd7 14. Be3 b6 15. Nc4 Qc7 16. h3 b5 17. Na3 c4 18. Rad1 Rad8 19. e5 Nd7 20. Qe4 Ndb8 21. Nc2 a5 22. a4 Na7 23. Na3 f5 24. exf6 Bxf6 25. Qe6+ Kg7 26. Bb6 Qc8 27. Qxc8 Rxc8 28. Bxa7 b4 29. Nb5 Nc6 30. Bxc6 Rxc6 31. Bd4 bxc3 32. Bxc3 Bxc3 33. bxc3 Rc5 34. Rd7 Kf6 35. Re1 Rf7 36. Nc7 Rc6 37. Nd5+ Kg7 38. Rexe7 Rxe7 39. Rxe7+ Kf8 40. Kf2 Rd6 1-0

[Event "Mittelfranken-ch QT 66th"]
[Site "Uttenreuth"]
[Date "2017.04.14"]
[Round "6"]
[White "Balhar, Michael"]
[Black "Walter, Manfred"]
[Result "1/2-1/2"]
[WhiteElo "1791"]
[BlackElo "1800"]
[PlyCount "66"]
[EventDate "2017.04.12"]
[EventType "swiss"]
[EventRounds "7"]
[EventCountry "GER"]
[SourceTitle "EXT 2020"]
[Source "ChessBase"]
[SourceDate "2019.10.17"]
[SourceVersion "1"]
[SourceVersionDate "2019.10.17"]
[SourceQuality "1"]

1. e4 d6 2. d4 Nf6 3. Nc3 Nbd7 4. Nf3 e5 5. g3 Be7 6. Bg2 c6 7. a4 a5 8. 0-0 h6 9. Qe2 Qc7 10. b3 Nf8 11. h3 g5 12. dxe5 dxe5 13. Ne1 Ng6 14. Bb2 Be6 15. Nd3 0-0 16. Nd1 Bd6 17. Ne3 Ne7 18. c4 Nd7 19. Rac1 Nc5 20. Nxc5 Bxc5 21. Nc2 Rfd8 22. Rcd1 Rxd1 23. Rxd1 Rd8 24. Rxd8+ Qxd8 25. Bxe5 b5 26. cxb5 cxb5 27. Qxb5 Qc8 28. Nd4 Bd7 29. Qxa5 Ng6 30. Bf6 Bxh3 31. Bxh3 Qxh3 32. Qxc5 Nf4 33. gxf4 Qg4+ 1/2-1/2

[Event "Mittelfranken-ch QT 66th"]
[Site "Uttenreuth"]
[Date "2017.04.12"]
[Round "1"]
[White "Holl, Manfred"]
[Black "Walter, Manfred"]
[Result "0-1"]
[WhiteElo "2109"]
[BlackElo "1800"]
[PlyCount "58"]
[EventDate "2017.04.12"]
[EventType "swiss"]
[EventRounds "7"]
[EventCountry "GER"]
[SourceTitle "EXT 2020"]
[Source "ChessBase"]
[SourceDate "2019.10.17"]
[SourceVersion "1"]
[SourceVersionDate "2019.10.17"]
[SourceQuality "1"]

1. e4 d6 2. d4 Nf6 3. Nc3 Nbd7 4. Nf3 e5 5. Bc4 Be7 6. Be3 c6 7. a4 b6 8. h4 0-0 9. Qe2 Bb7 10. Rd1 Qc7 11. dxe5 dxe5 12. h5 Bb4 13. Bd2 Rad8 14. Nh4 Nc5 15. f3 Rd7 16. g4 Rfd8 17. Nb1 Bxd2+ 18. Rxd2 Nxa4 19. Rxd7 Qxd7 20. b3 Nb2 21. Kf2 Qd4+ 22. Kg3 Nxc4 23. Nf5 Qc5 24. bxc4 Bc8 25. g5 Ne8 26. Ne3 Be6 27. Nd2 Qe7 28. f4 exf4+ 29. Kxf4 Qd6+ 0-1

[Event "Mittelfranken-ch QT 66th"]
[Site "Uttenreuth"]
[Date "2017.04.12"]
[Round "2"]
[White "Walter, Manfred"]
[Black "Schloetterer, Hermann"]
[Result "0-1"]
[WhiteElo "1800"]
[BlackElo "1877"]
[PlyCount "104"]
[EventDate "2017.04.12"]
[EventType "swiss"]
[EventRounds "7"]
[EventCountry "GER"]
[SourceTitle "EXT 2020"]
[Source "ChessBase"]
[SourceDate "2019.10.17"]
[SourceVersion "1"]
[SourceVersionDate "2019.10.17"]
[SourceQuality "1"]

1. f4 e5 2. e4 Nc6 3. Nf3 d6 4. Bc4 Be6 5. Bxe6 fxe6 6. 0-0 Nf6 7. d3 Qd7 8. fxe5 dxe5 9. Be3 Ng4 10. Qd2 Bb4 11. c3 Ba5 12. Bc5 Bb6 13. Bxb6 axb6 14. Qg5 Nf6 15. Nxe5 Nxe5 16. Qxe5 Ra5 17. Qg3 Nh5 18. Qf3 g6 19. Nd2 Qe7 20. Nc4 Rg5 21. d4 Ng7 22. Ne5 Rh5 23. Qf7+ Qxf7 24. Nxf7 Rf8 25. Ne5 Rh4 26. Rxf8+ Kxf8 27. Rf1+ Ke8 28. g4 Kd8 29. Kg2 g5 30. Kg3 h5 31. h3 hxg4 32. Rf8+ Ne8 33. Nxg4 Ke7 34. Rf2 Ng7 35. Rh2 Nh5+ 36. Kf3 Nf4 37. Nf2 Kd6 38. c4 e5 39. d5 Kc5 40. b3 Kd4 41. Ng4 Nd3 42. Ne3 Rf4+ 43. Ke2 Rxe4 44. Kd2 Rxe3 45. h4 gxh4 46. Rxh4+ Nf4 47. Rh7 Re2+ 48. Kd1 Kd3 49. Rxc7 Rxa2 50. Kc1 Ne2+ 51. Kb1 Nc3+ 52. Kc1 Rc2# 0-1

[Event "Mittelfranken-chT2b 1617"]
[Site "Mittelfranken"]
[Date "2016.11.27"]
[Round "3.4"]
[White "Walter, Manfred"]
[Black "Leonhardt, Frank"]
[Result "1/2-1/2"]
[WhiteElo "1688"]
[BlackElo "1864"]
[PlyCount "101"]
[EventDate "2016.10.23"]
[EventType "team-tourn"]
[EventRounds "9"]
[EventCountry "GER"]
[SourceTitle "EXT 2022"]
[Source "ChessBase"]
[SourceDate "2021.10.06"]
[SourceVersion "1"]
[SourceVersionDate "2021.10.06"]
[SourceQuality "1"]
[WhiteTeam "Lauf SV II"]
[BlackTeam "Schwanstetten"]
[WhiteTeamCountry "GER"]
[BlackTeamCountry "GER"]

1. f4 d5 2. Nf3 g6 3. g3 Bg7 4. Bg2 Nf6 5. 0-0 0-0 6. d3 c5 7. c3 Nc6 8. Na3 a6 9. Qc2 Qc7 10. e4 dxe4 11. dxe4 e5 12. f5 b5 13. Be3 c4 14. h3 Bb7 15. g4 Rfd8 16. Rad1 Rxd1 17. Rxd1 Rd8 18. Nh4 Rxd1+ 19. Qxd1 Qd8 20. Qxd8+ Nxd8 21. Bg5 h6 22. Bxf6 Bxf6 23. Nf3 Bxe4 24. Nxe5 Bxg2 25. Nd7 Bxc3 26. bxc3 Bxh3 27. Kh2 Bf1 28. fxg6 fxg6 29. Nb8 b4 30. cxb4 c3 31. Kg3 Bc4 32. Kf4 Bxa2 33. Nxa6 g5+ 34. Kf5 Kg7 35. Nc5 Nc6 36. b5 Nd4+ 37. Ke5 c2 38. Nxc2 Nxb5 39. Ne3 Nc3 40. Nf5+ Kh7 41. Nd7 Bb1 42. Nf6+ Kg6 43. Ne7+ Kg7 44. Nf5+ Bxf5 45. Kxf5 Kf7 46. Nh7 Nd5 47. Nxg5+ hxg5 48. Kxg5 Kg7 49. Kf5 Ne3+ 50. Kg5 Nxg4 51. Kxg4 1/2-1/2

[Event "Nuremberg Zabo op 18th"]
[Site "Nuremberg"]
[Date "2016.09.17"]
[Round "2"]
[White "Leopold, Kerstin"]
[Black "Walter, Manfred"]
[Result "0-1"]
[WhiteElo "1078"]
[BlackElo "1585"]
[PlyCount "78"]
[EventDate "2016.09.16"]
[EventType "swiss"]
[EventRounds "5"]
[EventCountry "GER"]
[SourceTitle "EXT 2018"]
[Source "ChessBase"]
[SourceDate "2017.10.13"]
[SourceVersion "1"]
[SourceVersionDate "2017.10.13"]
[SourceQuality "1"]

1. e4 d6 2. g3 Nf6 3. Nc3 e5 4. Bg2 c6 5. Nf3 Be7 6. 0-0 0-0 7. Re1 Nbd7 8. d4 Qc7 9. b3 a5 10. a4 b6 11. Bb2 Ba6 12. Rc1 b5 13. axb5 cxb5 14. Nd5 Nxd5 15. exd5 f6 16. dxe5 fxe5 17. Nxe5 Nxe5 18. Bxe5 dxe5 19. d6 Bxd6 20. Bd5+ Kh8 21. Bxa8 Rxa8 22. c4 bxc4 23. bxc4 Bb7 24. f3 Rf8 25. Rf1 Bc5+ 26. Kg2 Qc6 27. Rc3 a4 28. Kh3 Qe6+ 29. g4 a3 30. Rd3 a2 31. Qa1 Ba6 32. Re1 Bxc4 33. Rxe5 Qh6+ 34. Rh5 Qf6 35. Rd1 Qxf3+ 36. Kh4 Be7+ 37. g5 Qf4+ 38. Kh3 Qf3+ 39. Kh4 Rf4# 0-1

[Event "Forchheim op-B 14th"]
[Site "Forchheim"]
[Date "2015.10.03"]
[Round "2"]
[White "Walter, Manfred"]
[Black "Bauschke, Norman"]
[Result "1/2-1/2"]
[WhiteElo "1757"]
[BlackElo "1605"]
[PlyCount "34"]
[EventDate "2015.10.02"]
[EventType "swiss"]
[EventRounds "5"]
[EventCountry "GER"]
[SourceTitle "EXT 2019"]
[Source "ChessBase"]
[SourceDate "2018.10.10"]
[SourceVersion "1"]
[SourceVersionDate "2018.10.10"]
[SourceQuality "1"]

1. e4 c5 2. Nf3 Nc6 3. Bb5 Nd4 4. Bc4 Nxf3+ 5. Qxf3 e6 6. c3 a6 7. a4 Qf6 8. Qe3 e5 9. 0-0 g6 10. f4 exf4 11. Rxf4 Bh6 12. g3 Bxf4 13. gxf4 d6 14. d4 b6 15. a5 b5 16. Bd5 Ra7 17. dxc5 Rc7 1/2-1/2

[Event "Mittelfranken-ch QT"]
[Site "Nuremberg"]
[Date "2015.04.04"]
[Round "7"]
[White "Hoffmann, Sebastian"]
[Black "Walter, Manfred"]
[Result "1-0"]
[WhiteElo "1796"]
[BlackElo "1729"]
[PlyCount "39"]
[EventDate "2015.04.01"]
[EventType "swiss"]
[EventRounds "7"]
[EventCountry "GER"]
[SourceTitle "CBM 166 Extra"]
[Source "ChessBase"]
[SourceDate "2015.06.18"]
[SourceVersion "1"]
[SourceVersionDate "2015.06.18"]
[SourceQuality "1"]

1. e4 d6 2. Nf3 Nf6 3. c3 e5 4. Bd3 Bg4 5. Bc2 Nc6 6. d4 exd4 7. cxd4 Be7 8. Be3 Nb4 9. Ba4+ c6 10. a3 Na6 11. Qd3 Nc7 12. Nbd2 0-0 13. 0-0 Re8 14. b4 Bd7 15. Bc2 g6 16. h3 Bf8 17. Bg5 Bg7 18. e5 Bf5 19. Qb3 Be6 20. Qb1 1-0

[Event "Mittelfranken-ch QT"]
[Site "Nuremberg"]
[Date "2015.04.03"]
[Round "6"]
[White "Walter, Manfred"]
[Black "Lais, Thomas"]
[Result "0-1"]
[WhiteElo "1729"]
[BlackElo "1936"]
[PlyCount "74"]
[EventDate "2015.04.01"]
[EventType "swiss"]
[EventRounds "7"]
[EventCountry "GER"]
[SourceTitle "CBM 166 Extra"]
[Source "ChessBase"]
[SourceDate "2015.06.18"]
[SourceVersion "1"]
[SourceVersionDate "2015.06.18"]
[SourceQuality "1"]

1. e4 c5 2. c3 Nf6 3. e5 Nd5 4. d4 cxd4 5. Nf3 Nc6 6. cxd4 d6 7. Bc4 Nb6 8. Bb3 d5 9. Nc3 Bf5 10. 0-0 e6 11. Bg5 Be7 12. Bxe7 Qxe7 13. Qe2 a6 14. h3 0-0 15. a3 Rac8 16. Na4 Nxa4 17. Bxa4 b5 18. Bxb5 axb5 19. Qxb5 Be4 20. Rfc1 Bxf3 21. Rxc6 Qg5 22. g3 Rxc6 23. Qxc6 Qh6 24. Qc3 Be4 25. g4 f6 26. Qe3 Qxe3 27. fxe3 fxe5 28. Rf1 exd4 29. Rxf8+ Kxf8 30. exd4 g5 31. Kf2 Ke7 32. a4 Kd6 33. b4 Kc6 34. Kg3 Bc2 35. h4 h6 36. hxg5 hxg5 37. a5 Bd3 0-1

[Event "Mittelfranken-ch QT"]
[Site "Nuremberg"]
[Date "2015.04.01"]
[Round "2"]
[White "Walter, Manfred"]
[Black "Suess, Helmut"]
[Result "1/2-1/2"]
[WhiteElo "1729"]
[BlackElo "1955"]
[PlyCount "73"]
[EventDate "2015.04.01"]
[EventType "swiss"]
[EventRounds "7"]
[EventCountry "GER"]
[SourceTitle "CBM 166 Extra"]
[Source "ChessBase"]
[SourceDate "2015.06.18"]
[SourceVersion "1"]
[SourceVersionDate "2015.06.18"]
[SourceQuality "1"]

1. e4 d5 2. exd5 Qxd5 3. Nf3 Bg4 4. Be2 c6 5. d4 e6 6. 0-0 Nf6 7. c4 Qd8 8. Nc3 Bd6 9. Bg5 h6 10. Bh4 Bxf3 11. Bxf3 Qc7 12. Bg3 Bxg3 13. fxg3 0-0 14. Qe2 Nbd7 15. Ne4 Nxe4 16. Bxe4 Qd8 17. Bc2 Nf6 18. Qd3 g6 19. Rf4 Nh5 20. Rg4 Ng7 21. Rf1 h5 22. Rgf4 Nf5 23. g4 hxg4 24. Rxg4 Kg7 25. Qe4 Qf6 26. Qf4 Rad8 27. Bxf5 exf5 28. Qxf5 Qxf5 29. Rxf5 Rxd4 30. Rxd4 gxf5 31. Rd7 Rb8 32. Kf2 Kf6 33. Kf3 Ke6 34. Rc7 f6 35. g3 Kd6 36. Rf7 Ke6 37. Rc7 1/2-1/2

[Event "Mittelfranken-chTB2b 1415"]
[Site "Mittelfranken"]
[Date "2015.02.08"]
[Round "6.8"]
[White "Walter, Manfred"]
[Black "Bittermann, Dieter"]
[Result "1-0"]
[WhiteElo "1636"]
[BlackElo "1470"]
[PlyCount "73"]
[EventDate "2014.09.28"]
[EventType "team-tourn"]
[EventRounds "9"]
[EventCountry "GER"]
[SourceTitle "EXT 2020"]
[Source "ChessBase"]
[SourceDate "2019.10.17"]
[SourceVersion "1"]
[SourceVersionDate "2019.10.17"]
[SourceQuality "1"]
[WhiteTeam "Lauf SV"]
[BlackTeam "Bubenreuth/Moehrendorf"]
[WhiteTeamCountry "GER"]
[BlackTeamCountry "GER"]

1. e4 e5 2. f4 Nc6 3. Nf3 d6 4. Bc4 Bg4 5. 0-0 Nd4 6. Bxf7+ Kxf7 7. Ng5+ Ke8 8. Qxg4 Nf6 9. Qd1 h6 10. Nf3 Nc6 11. d3 Be7 12. Nc3 Rf8 13. Nd5 Qd7 14. Nh4 Nxd5 15. exd5 Nd4 16. c3 Nf5 17. Qh5+ Kd8 18. fxe5 Nxh4 19. Rxf8+ Bxf8 20. Qxh4+ Be7 21. Qe4 dxe5 22. Qxe5 Bd6 23. Qe4 Qf7 24. Be3 Kd7 25. Rf1 Qh5 26. Qf5+ Qxf5 27. Rxf5 Re8 28. Bd4 Re7 29. c4 g5 30. g3 b6 31. Kf2 c6 32. dxc6+ Kxc6 33. Rf6 Rd7 34. Be5 Kc7 35. Bxd6+ Rxd6 36. Rxd6 Kxd6 37. d4 1-0

[Event "Nuremberg Zabo op 16th"]
[Site "Nuremberg"]
[Date "2014.09.21"]
[Round "5"]
[White "Walter, Manfred"]
[Black "Lais, Thomas"]
[Result "0-1"]
[WhiteElo "1693"]
[BlackElo "1897"]
[PlyCount "62"]
[EventDate "2014.09.19"]
[EventType "swiss"]
[EventRounds "5"]
[EventCountry "GER"]
[SourceTitle "EXT 2018"]
[Source "ChessBase"]
[SourceDate "2017.10.13"]
[SourceVersion "1"]
[SourceVersionDate "2017.10.13"]
[SourceQuality "1"]

1. e4 c5 2. d4 cxd4 3. Qxd4 Nc6 4. Qe3 d6 5. Bd2 Nf6 6. Nc3 e6 7. Bd3 Be7 8. 0-0-0 0-0 9. f4 e5 10. Nf3 a6 11. h3 b5 12. g4 exf4 13. Qxf4 Be6 14. g5 Nh5 15. Qh4 g6 16. Nd5 Bxd5 17. exd5 Ne5 18. Be4 Nc4 19. Bc3 a5 20. b3 b4 21. Bd4 Na3 22. Rhg1 a4 23. Nd2 Nb5 24. Bb2 Nc3 25. Bxc3 bxc3 26. Nb1 axb3 27. axb3 Ra1 28. Rd4 Qa5 29. Ra4 Rxa4 30. bxa4 Qb6 31. Qe1 Qb2+ 0-1

[Event "Nuremberg Zabo op 16th"]
[Site "Nuremberg"]
[Date "2014.09.20"]
[Round "3"]
[White "Walter, Manfred"]
[Black "Meifert, Dieter"]
[Result "0-1"]
[WhiteElo "1693"]
[BlackElo "1457"]
[PlyCount "184"]
[EventDate "2014.09.19"]
[EventType "swiss"]
[EventRounds "5"]
[EventCountry "GER"]
[SourceTitle "EXT 2018"]
[Source "ChessBase"]
[SourceDate "2017.10.13"]
[SourceVersion "1"]
[SourceVersionDate "2017.10.13"]
[SourceQuality "1"]

1. e4 e5 2. d4 exd4 3. Qxd4 Nc6 4. Qe3 b6 5. Bc4 Bc5 6. Qg3 Qf6 7. c3 Bd6 8. f4 Qg6 9. Qf3 Bb7 10. Bd5 Nge7 11. e5 Nxd5 12. f5 Nxe5 13. fxg6 Nxf3+ 14. Nxf3 fxg6 15. 0-0 0-0 16. Nbd2 Ne3 17. Rf2 Nc2 18. Rb1 Bc5 19. Nd4 Rxf2 20. Kxf2 Nxd4 21. cxd4 Bxd4+ 22. Kf1 Rf8+ 23. Nf3 Bxf3 24. gxf3 Rxf3+ 25. Ke2 Rf2+ 26. Kd3 c5 27. h4 Rh2 28. b4 Rxa2 29. bxc5 Bxc5 30. Bf4 d6 31. Re1 Ra3+ 32. Kc2 h6 33. Re8+ Kf7 34. Rc8 Ra4 35. Bg3 Rg4 36. Be1 a5 37. Rc7+ Kf6 38. Bc3+ Bd4 39. Rc4 Rg2+ 40. Kd3 Bxc3 41. Kxc3 Rg1 42. Rf4+ Ke5 43. Rf7 Rg3+ 44. Kc4 Rg4+ 45. Kb5 Rxh4 46. Kxb6 a4 47. Rxg7 g5 48. Ra7 d5 49. Kc5 Rc4+ 50. Kb5 h5 51. Rg7 Kf4 52. Rd7 Rd4 53. Kc5 Rd1 54. Kb4 Rd4+ 55. Kc5 Ke4 56. Rg7 g4 57. Rg5 Rd2 58. Rxh5 g3 59. Rh4+ Kf3 60. Rxa4 Kg2 61. Kd6 d4 62. Ke5 Kf2 63. Ra8 d3 64. Ke4 g2 65. Rf8+ Ke2 66. Rg8 Kf1 67. Ke3 Rf2 68. Kxd3 g1Q 69. Rxg1+ Kxg1 70. Ke3 Ra2 71. Kf3 Ra4 72. Kg3 Ra3+ 73. Kf4 Kf2 74. Ke4 Kg3 75. Kd4 Kf4 76. Kd5 Ra4 77. Kc5 Ke4 78. Kb5 Rd4 79. Kc5 Rd1 80. Kc6 Ke5 81. Kc5 Rc1+ 82. Kb4 Kd4 83. Kb5 Rc2 84. Kb6 Kd5 85. Kb7 Kd6 86. Kb8 Kd7 87. Kb7 Rb2+ 88. Ka6 Kc6 89. Ka5 Rb8 90. Ka4 Kc5 91. Ka3 Kc4 92. Ka2 Kc3 0-1

[Event "Nuremberg Zabo op 16th"]
[Site "Nuremberg"]
[Date "2014.09.19"]
[Round "1"]
[White "Walter, Manfred"]
[Black "Wenninger, Philipp"]
[Result "0-1"]
[WhiteElo "1693"]
[BlackElo "2266"]
[PlyCount "112"]
[EventDate "2014.09.19"]
[EventType "swiss"]
[EventRounds "5"]
[EventCountry "GER"]
[SourceTitle "EXT 2018"]
[Source "ChessBase"]
[SourceDate "2017.10.13"]
[SourceVersion "1"]
[SourceVersionDate "2017.10.13"]
[SourceQuality "1"]

1. e4 c6 2. d4 d5 3. exd5 cxd5 4. c4 Nf6 5. Nc3 Nc6 6. Nf3 Bg4 7. Be2 e6 8. a3 Be7 9. c5 Ne4 10. Bf4 Bf6 11. Ne5 Bxe5 12. Bxe5 Bxe2 13. Qxe2 Nxc3 14. bxc3 Nxe5 15. Qxe5 Qf6 16. f4 0-0 17. 0-0 b6 18. cxb6 axb6 19. Qd6 Qd8 20. Qxd8 Rfxd8 21. Rfb1 Ra6 22. Kf2 g6 23. Ke3 Rc8 24. Kd3 Kg7 25. Rb4 Kf6 26. g3 h5 27. h3 Rca8 28. Rb3 Kf5 29. Ke3 R8a7 30. Kf3 Kf6 31. g4 Ra4 32. Rxb6 Rxa3 33. Rxa3 Rxa3 34. Rc6 Ra2 35. Rc7 Rd2 36. g5+ Kg7 37. Kg3 Rd3+ 38. Kg2 h4 39. c4 dxc4 40. Rxc4 Kf8 41. Rc8+ Ke7 42. Rc7+ Ke8 43. Rc8+ Kd7 44. Rh8 Rxd4 45. Rxh4 e5 46. Kf3 Ke7 47. Ke3 Ke6 48. Rg4 Kf5 49. Rg1 Re4+ 50. Kf3 Rxf4+ 51. Ke3 e4 52. Rg3 Rf3+ 53. Rxf3+ exf3 54. Kxf3 Kxg5 55. Kg3 Kh5 56. h4 g5 0-1

[Event "Mittelfranken-ch QT"]
[Site "Mittelfranken"]
[Date "2014.04.16"]
[Round "2.10"]
[White "Walter, Manfred"]
[Black "Faralisz, Patrick"]
[Result "1-0"]
[WhiteElo "1742"]
[BlackElo "1435"]
[PlyCount "55"]
[EventDate "2014.04.16"]
[EventType "swiss"]
[EventRounds "7"]
[EventCountry "GER"]
[SourceTitle "EXT 2022"]
[Source "ChessBase"]
[SourceDate "2021.10.06"]
[SourceVersion "1"]
[SourceVersionDate "2021.10.06"]
[SourceQuality "1"]

1. c4 c6 2. g3 d5 3. Bg2 Nf6 4. Nf3 a6 5. b3 b5 6. Qc2 g6 7. Bb2 Bf5 8. d3 Bg7 9. 0-0 0-0 10. Nbd2 dxc4 11. bxc4 Nbd7 12. Nd4 bxc4 13. Nxc4 Rc8 14. Nxc6 Qe8 15. Ba3 Ng4 16. Nxe7+ Kh8 17. Nxc8 Bxa1 18. Bxf8 Qxf8 19. Rxa1 Qxc8 20. Rc1 Qc5 21. Qc3+ Kg8 22. d4 Qf8 23. e4 Bxe4 24. Bxe4 Ndf6 25. f3 Nxe4 26. fxe4 Qh6 27. Qd2 Nxh2 28. Qxh6 1-0

[Event "Mittelfranken-chTB2b 1314"]
[Site "Mittelfranken"]
[Date "2014.03.30"]
[Round "8.7"]
[White "Walter, Manfred"]
[Black "Proeschel, Gerhard"]
[Result "0-1"]
[WhiteElo "1636"]
[BlackElo "1872"]
[PlyCount "70"]
[EventDate "2013.10.20"]
[EventType "team-tourn"]
[EventRounds "9"]
[EventCountry "GER"]
[SourceTitle "EXT 2020"]
[Source "ChessBase"]
[SourceDate "2019.10.17"]
[SourceVersion "1"]
[SourceVersionDate "2019.10.17"]
[SourceQuality "1"]
[WhiteTeam "Lauf SV"]
[BlackTeam "Muehlhof/Schwabach"]
[WhiteTeamCountry "GER"]
[BlackTeamCountry "GER"]

1. c4 e5 2. g3 Nc6 3. Bg2 Nf6 4. Nc3 d6 5. d3 h6 6. Nf3 Be7 7. 0-0 0-0 8. h3 Be6 9. Nd2 Qd7 10. Kh2 d5 11. cxd5 Nxd5 12. Nde4 f5 13. Nxd5 Bxd5 14. Nc3 Be6 15. Qa4 a6 16. a3 b5 17. Qd1 Rad8 18. b4 Nd4 19. Rb1 c5 20. f4 cxb4 21. axb4 Rc8 22. Bd2 exf4 23. gxf4 Nc6 24. Bxc6 Rxc6 25. Qe1 Rfc8 26. Rf3 Bf6 27. Nd1 Ba2 28. Rb2 Bxb2 29. Nxb2 Qd4 30. Nd1 Qf6 31. Ne3 Kh7 32. Rf1 Bf7 33. Qb1 Be6 34. Bc1 Qd4 35. Rf3 Rxc1 0-1

[Event "Mittelfranken-chTB2b 1314"]
[Site "Mittelfranken"]
[Date "2013.11.17"]
[Round "2.7"]
[White "Wichmann, Adrian"]
[Black "Walter, Manfred"]
[Result "1-0"]
[WhiteElo "1973"]
[BlackElo "1636"]
[PlyCount "37"]
[EventDate "2013.10.20"]
[EventType "team-tourn"]
[EventRounds "9"]
[EventCountry "GER"]
[SourceTitle "EXT 2020"]
[Source "ChessBase"]
[SourceDate "2019.10.17"]
[SourceVersion "1"]
[SourceVersionDate "2019.10.17"]
[SourceQuality "1"]
[WhiteTeam "Forchheim III"]
[BlackTeam "Lauf SV"]
[WhiteTeamCountry "GER"]
[BlackTeamCountry "GER"]

1. e4 d6 2. d4 Nf6 3. Nc3 e5 4. Nf3 exd4 5. Nxd4 Be7 6. g3 0-0 7. Bg2 c6 8. 0-0 Bg4 9. f3 Bh5 10. Nf5 Re8 11. Nxe7+ Qxe7 12. Qd4 h6 13. Bf4 Rd8 14. Rad1 g5 15. Bxd6 Qe6 16. Qe5 Nbd7 17. Qxe6 fxe6 18. e5 Ne8 19. Be7 1-0